| 000 | 01411nam a22004097a 4500 | ||
|---|---|---|---|
| 001 | 000095432 | ||
| 003 | CHAP | ||
| 005 | 20220329143110.0 | ||
| 008 | 060320s2005 mx a r 00010 spa d | ||
| 010 | _a91898 | ||
| 011 | _a92870 | ||
| 020 | _a9680201651 | ||
| 035 | _a103437 | ||
| 040 | _cCHAP | ||
| 082 | 0 | 4 |
_a306 _bA52 |
| 245 | 0 | 0 |
_aCuentame de tu pueblo : _bidentidad y cultura popular e indígena / _ccoord. por Marco A. Anaya Pérez ...[y otros]. |
| 260 |
_aChapingo, Méx. : _bUACH, _c2005. |
||
| 300 |
_a353 p. : _bilus. |
||
| 490 | 1 |
_aSerie : Identidad y cultura popular e indígena _v; 3 |
|
| 590 |
_aBATCH-UPD _b10 _c20130110 _lUCH01 _h0701 |
||
| 590 |
_aBATCH-UPD _b10 _c20130410 _lUCH01 _h0346 |
||
| 590 |
_aBATCH-UPD _b10 _c20130914 _lUCH01 _h1127 |
||
| 590 |
_aCONVERSION _b10 _c20130109 _lUCH01 _h1351 |
||
| 590 |
_aE5995AHE _b05 _c20150217 _lUCH01 _h1403 |
||
| 590 |
_aE5995AHE _b05 _c20150217 _lUCH01 _h1451 |
||
| 650 | 1 | 4 |
_aCultura popular. _930409 |
| 650 | 1 | 4 |
_aIdentidad. _957290 |
| 650 | 1 | 4 |
_aIndios de México _xCultura. _957627 |
| 700 | 1 |
_aAnaya Perez, Marco Antonio _ecoord. _95509 |
|
| 830 | 0 | 0 |
_aSerie : Identidad y cultura popular e indígena _v; 3 _9104569 |
| 901 | _aBK | ||
| 905 | _aLilia | ||
| 942 | _cLIBRO | ||
| 942 | _n0 | ||
| 949 |
_a306 A52 _bBC _cLIBRO _d33724002057769 _eLIBRO _fc..2 _h109639 _i103437 _sb |
||
| 949 |
_a306 A52 _bBC _cUACH _d33724000958963 _eUACH _h107872 _i103437 _sb |
||
| 999 |
_c91898 _d91898 |
||